| 000 | 00894nam a22002055i 4500 | ||
|---|---|---|---|
| 001 | 158709 | ||
| 003 | ES-MaACL | ||
| 005 | 20230906211258.0 | ||
| 008 | 040902s1870 fr |||| | fre d | ||
| 040 |
_aCAM _bspa _cCAM |
||
| 100 | 1 |
_aMarcou, Jules. _976547 |
|
| 245 | 1 | 0 |
_a[Notes pour servir à l'histoire des anciens glaciers de l'Auvergne / _cpar Jules Marcou]. |
| 260 |
_aParis : _b[s.n., _cs.a.] ( _fEdouard Blot imprimeur) |
||
| 300 |
_aP. 361-363 ; _c24 cm. |
||
| 500 | _aExtrait du Bulletin de la Société Geologique de France, 2\pe\s série, t.XXVII, p. 361, séance du 10 janvier 1870. | ||
| 594 | _aTit. tomado de comienzo del texto. | ||
| 596 | _aPie de imp. tomado de colofón. | ||
| 650 | 4 |
_aGlaciares- _zFrancia. _9136189 |
|
| 852 |
_aES-MaACL _jT-901-F-25 _z-- Enc. hol. _z-- Enc. en un vol. facticio falto de la cub. original _z.- Legado de Federico de Botella y de Hornos |
||
| 999 |
_c158709 _d158709 |
||